| 000 | 00600nam a2200229Ia 4500 | ||
|---|---|---|---|
| 008 | 160303s9999 xx 000 0 und d | ||
| 020 | _a978-0-273-72649-4 | ||
| 050 | _aMAIN GV 14 | ||
| 050 | _b.P34 2010 | ||
| 100 | _aPage, Stephen. | ||
| 245 | _aLeisure : | ||
| 245 | _ban introduction / | ||
| 245 | _cStephen J. Paige, Joanne Connell. | ||
| 260 | _aEngland : | ||
| 260 | _bPearson Education Limited. | ||
| 260 | _c2010 | ||
| 300 | _a518 pages : | ||
| 300 | _billustrations ; | ||
| 300 | _c24 cm. | ||
| 500 | _aIncludes bibliographical references and index. | ||
| 650 | _aLeisure. | ||
| 999 |
_c291102 _d291102 |
||